Las Pinturas rupestres de la cueva del Peliciego o de los Morceguillos (Jumilla, Murcia) / por F. J. Fortea Pérez
Descripción Física:
p. 21-39 : il. ; 27 cm
Colección:
Monografías ; 44
MARC
| LEADER | 00000nam a2200000Ia 4500 | ||
|---|---|---|---|
| 001 | 7810 | ||
| 008 | 160829s1974 - 1975 xx 000 0 cat d | ||
| 080 | |a FU-21-32 | ||
| 100 | |a Fortea Pérez, F. J. |9 33988 | ||
| 245 | |a Las Pinturas rupestres de la cueva del Peliciego o de los Morceguillos (Jumilla, Murcia) / por F. J. Fortea Pérez | ||
| 260 | |a Barcelona : |b Diputación de Barcelona. Instituto de Prehistoria y Arqueología, |c 1974 - 1975 | ||
| 300 | |a p. 21-39 : |b il. ; |c 27 cm | ||
| 490 | |a Monografías ; 44 | ||
| 590 | |a Separata d'Ampurias ; 36-37 | ||
| 650 | |a Peliciego, Cueva del, o de los Morceguillos (Jumilla, Múrcia) |9 33989 | ||
| 650 | |a Pintura rupestre |x Jumilla (Múrcia) |9 33990 | ||
| 650 | |a Art prehistòric |x Jumilla (Múrcia) I |9 33991 | ||
| 650 | |a Jumilla (Múrcia) |x Arqueologia |9 33992 | ||
| 710 | 2 | |a Instituto de Prehistoria y Arqueología (Barcelona, Catalunya) |9 54255 | |
| 901 | |a Arxiu | ||
| 942 | |n 1 |2 udc | ||
| 952 | |0 0 |1 0 |4 0 |6 FU2132 |7 1 |9 46334 |a Arxiu |b Arxiu |d 2016-12-01 |l 0 |o FU-21-32 |p 7810 |r 2016-12-01 00:00:00 |w 2016-12-01 |y ARXIU | ||
| 999 | |c 50119 |d 50119 | ||